书目信息 |
| 题名: |
管理会计
|
|
| 作者: | 尹美群 主编 | |
| 分册: | ||
| 出版信息: | 北京 旅游教育出版社 2009.02 |
|
| 页数: | 245页 | |
| 开本: | 26cm | |
| 丛书名: | ||
| 单 册: | ||
| 中图分类: | F234.3 | |
| 科图分类: | ||
| 主题词: | 管理会计--guan li kuai ji--高等学校--教材 | |
| 电子资源: | ||
| ISBN: | 978-7-5637-1795-8 | |
| 000 | 00845nam0 2200241 450 | |
| 001 | 012010166235 | |
| 005 | 20100102164541.20 | |
| 010 | @a978-7-5637-1795-8@dCNY29.50 | |
| 100 | @a20100102d2009 em y0chi0120 ea | |
| 101 | 0 | @achi |
| 102 | @aCN@b110000 | |
| 105 | @aak z 000yy | |
| 106 | @ar | |
| 200 | 1 | @a管理会计@Aguan li kuai ji@f尹美群主编@Fyin mei qun zhu bian |
| 210 | @a北京@c旅游教育出版社@d2009.02 | |
| 215 | @a245页@c图@d26cm | |
| 300 | @a21世纪会计学专业应用型本科规划教材 | |
| 330 | @a本书充分考虑了当前我国会计制度的变革以及企业管理会计实践的需求,融合了西方国家管理会计教材的先进成果,无论在内容还是形式上,都进行了一些新的尝试。 | |
| 606 | 0 | @a管理会计@Aguan li kuai ji@x高等学校@j教材 |
| 690 | @aF234.3@v4 | |
| 701 | 0 | @a尹美群@Ayin mei qun@4主编 |
| 801 | 0 | @aCN@bQSSK@c20100102 |
| 905 | @b769797-99@dF234.3@eY600@f3 | |
| 管理会计/尹美群主编.-北京:旅游教育出版社,2009.02 |
| 245页:图;26cm |
| 21世纪会计学专业应用型本科规划教材 |
| ISBN 978-7-5637-1795-8:CNY29.50 |
| 本书充分考虑了当前我国会计制度的变革以及企业管理会计实践的需求,融合了西方国家管理会计教材的先进成果,无论在内容还是形式上,都进行了一些新的尝试。 |
| ● |
| 相关链接 |
|
|
|
正题名:管理会计
索取号:F234.3/Y600
 
预约/预借
| 序号 | 登录号 | 条形码 | 馆藏地/架位号 | 状态 | 备注 |
| 1 | 769797 | 207697973 | 社科库409/409社科库 77排2列4层/ [索取号:F234.3/Y600] | 在馆 | |
| 2 | 769798 | 207697982 | 社科库409/409社科库 77排4列2层/ [索取号:F234.3/Y600] | 在馆 | |
| 3 | 769799 | 207697991 | 社科库409/409社科库 77排4列2层/ [索取号:F234.3/Y600] | 在馆 |